000 00319nam a22001457a 4500
020 _a81-239-0264-6
041 _aENG
100 _aSaini.A.S
245 _aTextbook of Biochemistry
250 _a2nd Ed
260 _aNew Dehli
_bCBS Publishers
_c1996
300 _a17.23
650 _aAgricultural
856 _uAgricultural
999 _c409
_d409